000 00812nam a2200253 i 4500
001 12949
003 ES-MaACL
005 20250628062018.0
007 t|
008 921013s1990 sp |||| | spa d
020 _a84-86919-26-6
080 _a070(73)"19"
100 1 _aGonzález de la Aleja, Manuel.
_958547
245 1 3 _aEl nuevo periodismo norteamericano /
_cManuel González de la Aleja Barberán.
260 _aAlbacete :
_bDiputación,
_c[1990]
300 _a208 p. ;
_c22 cm.
490 1 _aColección Ensayo
650 4 _aPeriodismo-
_zEstados Unidos.
_915947
710 1 _aAlbacete (Provincia).
_bDiputación Provincial
_91313
830 0 _aColección Ensayo (Diputación Provincial de Albacete)
_9235424
852 _aES-MaACL
_jL-20305
942 _2udc
999 _c12949
_d12949